| 000 | 01010nam a22002537a 4500 | ||
|---|---|---|---|
| 005 | 20180611163722.0 | ||
| 010 | _aB-688706-707 | ||
| 020 |
_a9780199467495 _c695.00 |
||
| 035 | _aEN-106069 | ||
| 035 | _aB-688706-707 | ||
| 037 |
_bBookwell _adpl |
||
| 037 | _bDBAD/PUB. | ||
| 082 | _a327.540547 | ||
| 100 | _aPerkovich, George | ||
| 245 |
_aNot war, not peace : _bMotivating Pakistan to prevent cross - border terrorism/ _cby George Perkovich [and] Toby Dalton |
||
| 260 |
_aNew Delhi _bOxford _bOxford University Press _c2017 |
||
| 270 |
_aYMCA Library Building, 1 Jai Singh Road, _bNew Delhi _e110001 |
||
| 270 |
_a2/11 Ground Floor, Ansari Road, Darya Ganj, _bNew Delhii _e110002 |
||
| 300 | v |
_axii,297p. _c22cm(pbk) _c22cm(Hb) |
|
| 500 | _aIncludes index | ||
| 700 | _dDalton, Toby | ||
| 942 |
_2ddc _cEN _mPER _h327.540547 |
||
| 999 |
_c145659 _d145659 |
||